| 000 | 00806nam a2200253 a 4500 | ||
|---|---|---|---|
| 001 | 56272 | ||
| 003 | BD-RjUL | ||
| 005 | 20211209080357.0 | ||
| 008 | 940630s1964 enk b 001 0 eng d | ||
| 035 | _a(BD-RjUL)56396 | ||
| 040 |
_aBD-RjUL _beng _cBD-RjUL _dBD-RjUL |
||
| 041 | _aeng | ||
| 082 |
_223 _a821 _bGRT 1964 |
||
| 100 | 1 |
_aGransden, K. W. _9167444 |
|
| 245 | 1 | 0 |
_aTennyson, In memoriam / _cby K.W. Gransden. |
| 260 |
_aLondon : _bEdward Arnold, _cc1964. |
||
| 300 |
_a72 p. ; _c20 cm |
||
| 490 | 1 |
_aStudies in English literature ; _v22 |
|
| 500 | _aIncludes index. | ||
| 600 | 1 | 0 |
_aTennyson, Alfred Tennyson, _cBaron, _d1809-1892. _tIn memoriam. _9167445 |
| 650 |
_aEnglish literature _9167446 |
||
| 830 | 0 |
_aStudies in English literature (London, England) ; _vno. 22. _9167447 |
|
| 942 |
_2ddc _cBK |
||
| 999 |
_c56272 _d56272 |
||